000 00533nam a22001457a 4500
020 _a9781409582960
040 _cNUST
082 _a503 USB
100 _aRobson, Kirsteen
_982258
110 _aClarke, Phillip Howell, Laura Smith, Alastair Henderson, Corinne
_982259
245 _aThe Usborne Science Encyclopedia:
_bAnd Over 1000 Internet Links With 180 QR Links
260 _aLondon:
_bBook Mart Limited,
_c2015.
650 _aScience -- Encyclopedias, Juvenile. Science -- Encyclopedias. Science.
_988875
942 _2ddc
_cBK
999 _c586430
_d586430